000 00549nam a2200169 i 4500
001 34757
003 ES-MaACL
005 20230906155007.0
007 t|
008 030210s1965 sp ||||1| spa d
100 1 _aBorobio, María Gloria.
_930531
245 1 0 _aCatequesis para niños de 3 a 6 años /
_cMaría Gloria Borobio.
260 _aBérriz :
_bAngeles de las Misiones ;
_a[Bilbao :
_bEditorial Vizcaína,
_c1965]
300 _a276 p. :
_bil. ;
_c20 cm.
500 _aBorobio, María Gloria (M.M.B.)
852 _aES-MaACL
_jC-27976
_bR.57125
999 _c34757
_d34757